000 01271nam a2200337 a 4500
001 ebr10671128
003 CaPaEBR
006 m u
007 cr cn|||||||||
008 090813s2009 nyu sb 001 0 eng d
010 _z 2009288358
020 _z9781606923658 (pbk.)
020 _z160692365X (pbk.)
020 _z9781614702351 (e-book)
040 _aCaPaEBR
_cCaPaEBR
035 _a(OCoLC)776163472
043 _an-us---
050 1 4 _aP96.E252
_bU663 2009eb
082 0 4 _a302.230973
_222
245 0 0 _aMedia ownership
_h[electronic resource] /
_cHarold F. Velliotis, editor.
260 _aNew York :
_bNova Science Publishers,
_c2009.
300 _aix, 117 p.
504 _aIncludes bibliographical references and index.
533 _aElectronic reproduction.
_bPalo Alto, Calif. :
_cebrary,
_d2013.
_nAvailable via World Wide Web.
_nAccess may be limited to ebrary affiliated libraries.
650 0 _aMass media
_xOwnership
_zUnited States.
650 0 _aTelecommunication
_xOwnership
_zUnited States.
655 7 _aElectronic books.
_2local
700 1 _aVelliotis, Harold F.
710 2 _aebrary, Inc.
856 4 0 _uhttp://site.ebrary.com/lib/rucke/Doc?id=10671128
_zAn electronic book accessible through the World Wide Web; click to view
999 _c176097
_d176097